[Event "94th GER-ch"]
[Site "Ostfildern GER"]
[Date "2023.08.16"]
[Round "4.5"]
[White "Dauner, Benedikt"]
[Black "Wichmann, Cliff"]
[Result "1-0"]
[WhiteElo "2377"]
[BlackElo "2310"]
[EventDate "2023.08.13"]
[PlyCount "87"]

1.d4 Nf6 2.Nf3 e6 3.Bf4 c5 4.e3 b6 5.Nbd2 Be7 6.h3 O-O 7.c3 d5 8.a4 Ba6 9.
Bxa6 Nxa6 10.Qe2 Nb8 11.O-O Nc6 12.Ne5 Nxe5 13.dxe5 Nd7 14.e4 Qc8 15.exd5 
exd5 16.Qf3 d4 17.cxd4 cxd4 18.Nb3 Bc5 19.Rfd1 Re8 20.Qg3 Nf8 21.Nxd4 Bxd4
22.Rxd4 Ng6 23.Qe3 Qc2 24.b4 Re6 25.Bg3 Rae8 26.f4 Ne7 27.Qd3 Qc8 28.Rd1 
Nc6 29.Rc4 Qa8 30.Qf3 Rg6 31.Rdc1 Ne7 32.Qxa8 Rxa8 33.Rc7 Rxg3 34.Rxe7 h5 
35.Rcc7 a5 36.Kf2 h4 37.b5 Rf8 38.Red7 Re8 39.Rxf7 Rd8 40.Rfd7 Rf8 41.Rc4 
g5 42.e6 gxf4 43.e7 Re8 44.Rxf4 1-0

[Event "94th GER-ch"]
[Site "Ostfildern GER"]
[Date "2023.08.16"]
[Round "4.6"]
[White "Nemitz, Alfred"]
[Black "Miller, Eduard"]
[Result "1-0"]
[WhiteElo "2228"]
[BlackElo "2324"]
[EventDate "2023.08.13"]
[PlyCount "85"]

1.d4 Nf6 2.Nf3 g6 3.Bg5 Bg7 4.Nbd2 O-O 5.c3 d6 6.e4 h6 7.Bh4 c5 8.dxc5 
dxc5 9.Be2 Nc6 10.O-O Nh5 11.Re1 Qc7 12.Qc2 g5 13.Bg3 Nxg3 14.hxg3 b6 15.
Rad1 Bb7 16.Nc4 Rfd8 17.Nh2 Ne5 18.Ne3 e6 19.Nhg4 Ng6 20.a4 h5 21.Nh2 h4 
22.gxh4 gxh4 23.Nc4 Qf4 24.Bf3 Bc6 25.b3 Ne5 26.Nxe5 Qxe5 27.Re3 c4 28.b4 
Qg5 29.e5 Rxd1+ 30.Qxd1 Rd8 31.Qc2 Bd5 32.Bxd5 Rxd5 33.Nf3 Qd8 34.Qe4 Rd1+
35.Kh2 Rf1 36.Nxh4 Bxe5+ 37.Qxe5 Qd1 38.Qb8+ Kh7 39.Rf3 f5 40.Qf8 Rh1+ 41.
Kg3 Qd7 42.Qf6 Kg8 43.Re3 1-0

[Event "94th GER-ch"]
[Site "Ostfildern GER"]
[Date "2023.08.16"]
[Round "4.7"]
[White "Gloeckler, Christian"]
[Black "Wong, Gengchun"]
[Result "1-0"]
[WhiteElo "2318"]
[BlackElo "2257"]
[EventDate "2023.08.13"]
[PlyCount "97"]

1.e4 c5 2.Nf3 d6 3.d4 cxd4 4.Nxd4 Nf6 5.f3 e5 6.Nb3 Be7 7.c4 a5 8.Be3 a4 
9.N3d2 Qa5 10.Be2 Be6 11.O-O Bd8 12.c5 d5 13.exd5 Nxd5 14.Bf2 O-O 15.Nc4 
Qc7 16.Nba3 Nc6 17.Rc1 Bg5 18.Rb1 Rfd8 19.Nd6 Be3 20.Nab5 Qe7 21.Qe1 Qg5 
22.Kh1 Nf4 23.Rg1 Bxf2 24.Qxf2 Bxa2 25.Rbe1 Rd7 26.Bf1 h6 27.g3 Ne6 28.h4 
Qe7 29.Bh3 Bb3 30.f4 exf4 31.gxf4 Qf6 32.Ne4 Bd5 33.Nc3 Qd8 34.Nxd5 Rxd5 
35.f5 Nf8 36.Qg3 g6 37.fxg6 fxg6 38.Be6+ Kh8 39.Bxd5 Qxd5 40.Qf4 Kg7 41.
Kh2 a3 42.Qf6+ Kh7 43.bxa3 Qd4 44.Rb1 Qxf6 45.Nxf6+ Kg7 46.Ne4 Rxa3 47.
Rxb7+ Kg8 48.Nf6+ Kh8 49.Rxg6 1-0

[Event "94th GER-ch"]
[Site "Ostfildern GER"]
[Date "2023.08.16"]
[Round "4.8"]
[White "Bracker, Arne"]
[Black "Eichstaedt, Mirko"]
[Result "1/2-1/2"]
[WhiteElo "2267"]
[BlackElo "2237"]
[EventDate "2023.08.13"]
[PlyCount "80"]

1.e4 e5 2.Nf3 Nc6 3.Bb5 a6 4.Ba4 Nf6 5.O-O Be7 6.d3 b5 7.Bb3 d6 8.a3 O-O 
9.Nc3 Rb8 10.h3 h6 11.Bd2 Re8 12.Re1 Bf8 13.Ne2 Be6 14.Bxe6 Rxe6 15.Ng3 d5
16.a4 bxa4 17.Rxa4 Rxb2 18.Rxa6 Rb6 19.Rxb6 cxb6 20.exd5 Qxd5 21.Qb1 Bc5 
22.Be3 e4 23.Bxc5 bxc5 24.dxe4 Qc4 25.e5 Nd7 26.Qb7 Nf8 27.Nf5 Qf4 28.Nd6 
Nxe5 29.Nxe5 Rxd6 30.g3 Qf5 31.Re3 Rf6 32.Ng4 Re6 33.Rf3 Re1+ 34.Kg2 Qe6 
35.Ne3 Ng6 36.Nf5 Ne5 37.Re3 Rxe3 38.Nxe3 Nc4 39.Nxc4 Qxc4 40.Qc8+ Kh7 
1/2-1/2

[Event "94th GER-ch"]
[Site "Ostfildern GER"]
[Date "2023.08.16"]
[Round "4.9"]
[White "Graf, Alexander"]
[Black "Schulz, Lukas"]
[Result "0-1"]
[WhiteElo "2543"]
[BlackElo "2347"]
[EventDate "2023.08.13"]
[PlyCount "42"]

1.d4 Nf6 2.c4 g6 3.Nc3 Bg7 4.e4 d6 5.f3 O-O 6.Be3 c5 7.d5 e6 8.dxe6 Bxe6 
9.Bd3 Nc6 10.Nge2 Ne5 11.b3 b5 12.cxb5 d5 13.Bg5 dxe4 14.Bxe4 Nxe4 15.Nxe4
Qa5+ 16.Kf2 Rad8 17.Bxd8 Rxd8 18.Qc2 Nd3+ 19.Kg3 Qc7+ 20.f4 Bf5 21.Qc4 Rd4
0-1

[Event "94th GER-ch"]
[Site "Ostfildern GER"]
[Date "2023.08.16"]
[Round "4.10"]
[White "Poetsch, Hagen"]
[Black "Ehmann, Thilo"]
[Result "1/2-1/2"]
[WhiteElo "2484"]
[BlackElo "2402"]
[EventDate "2023.08.13"]
[PlyCount "86"]

1.e4 c5 2.Nf3 d6 3.Bb5+ Nd7 4.a4 Nf6 5.Nc3 g6 6.a5 Bg7 7.a6 O-O 8.O-O Nb8 
9.axb7 Bxb7 10.d3 Nfd7 11.d4 a6 12.Bc4 Nb6 13.Bb3 e6 14.Be3 c4 15.Ba2 N8d7
16.Qd2 Nf6 17.Bg5 h6 18.Bxh6 Nxe4 19.Nxe4 Bxe4 20.Bxg7 Kxg7 21.Qe2 Bxf3 
22.Qxf3 d5 23.Bb1 Nd7 24.b4 Qb6 25.c3 a5 26.bxa5 Rxa5 27.Rxa5 Qxa5 28.h4 
Rh8 29.g3 Nf6 30.Kg2 Rb8 31.h5 gxh5 32.Qf4 Qd8 33.Bc2 Rb2 34.Qc1 Ra2 35.
Bb1 Ra1 36.Qg5+ Kf8 37.f4 Ke7 38.f5 Qb6 39.fxe6 Qxe6 40.Rf5 Rxb1 41.Re5 
Re1 42.Rxe6+ Rxe6 43.Kf3 Re4 1/2-1/2

[Event "94th GER-ch"]
[Site "Ostfildern GER"]
[Date "2023.08.16"]
[Round "4.11"]
[White "Meister, Jakob"]
[Black "Stelmaszyk, Nico"]
[Result "1-0"]
[WhiteElo "2439"]
[BlackElo "2337"]
[EventDate "2023.08.13"]
[PlyCount "83"]

1.e4 c5 2.Nc3 Nc6 3.f4 g6 4.Nf3 Bg7 5.Bb5 Nd4 6.a4 e6 7.e5 a6 8.Bc4 d5 9.
exd6 Qxd6 10.d3 Nf6 11.Ne4 Nxe4 12.dxe4 Qc6 13.Qd3 Nxf3+ 14.Qxf3 b6 15.O-O
Bb7 16.Re1 b5 17.axb5 axb5 18.Rxa8+ Bxa8 19.Bd5 Qa6 20.Bxa8 Qxa8 21.Be3 
Qc6 22.Qf2 O-O 23.Bxc5 Rc8 24.b4 Bf8 25.Bxf8 Kxf8 26.Qd4 Kg8 27.f5 exf5 
28.exf5 Qxc2 29.f6 h5 30.h3 Qc4 31.Qd6 Rf8 32.Kh2 Qc8 33.Re5 Qd8 34.Qxd8 
Rxd8 35.g4 hxg4 36.hxg4 Rd4 37.g5 Rxb4 38.Re8+ Kh7 39.Rf8 Rg4 40.Rxf7+ Kh8
41.Rb7 Kg8 42.Rxb5 1-0

[Event "94th GER-ch"]
[Site "Ostfildern GER"]
[Date "2023.08.16"]
[Round "4.12"]
[White "Weishaeutel, Moritz"]
[Black "Dahl, Christoph"]
[Result "1/2-1/2"]
[WhiteElo "2427"]
[BlackElo "2336"]
[EventDate "2023.08.13"]
[PlyCount "142"]

1.d4 Nf6 2.c4 g6 3.g3 Bg7 4.Bg2 O-O 5.Nc3 d6 6.Nf3 Nbd7 7.O-O e5 8.e4 a6 
9.h3 b5 10.dxe5 dxe5 11.Be3 Bb7 12.Nd2 Rb8 13.Qc2 c6 14.Rfd1 Qe7 15.Nb3 
Rfd8 16.Bf1 h6 17.Rd2 Bf8 18.Rad1 Rbc8 19.c5 Kh7 20.a3 Bg7 21.Na5 Ba8 22.
Na2 Nf8 23.Rd6 Qc7 24.Nb3 Ne6 25.f3 Bf8 26.Rxd8 Rxd8 27.Rxd8 Qxd8 28.Qc3 
Nd7 29.Nac1 a5 30.Qxa5 Bxc5 31.Bxc5 Qxa5 32.Nxa5 Ndxc5 33.Kf2 Nd4 34.Nd3 
Nd7 35.h4 c5 36.Bh3 f5 37.h5 c4 38.hxg6+ Kxg6 39.Nb4 Nc5 40.Bxf5+ Nxf5 41.
exf5+ Kxf5 42.Ke3 e4 43.fxe4+ Nxe4 44.a4 c3 45.bxc3 bxa4 46.Nc4 Nxc3 47.
Nb6 Bb7 48.Kd3 Ne4 49.Nxa4 Kg4 50.Ke3 Kxg3 51.Nd3 h5 52.Nac5 Nxc5 53.Nxc5 
Bd5 54.Nd3 h4 55.Nf2 Bf3 56.Nh3 Bg4 57.Nf2 Bf5 58.Nh1+ Kg2 59.Nf2 Bd7 60.
Nd3 Bf5 61.Nf2 Be6 62.Nd3 Bc8 63.Nf2 Bf5 64.Ke2 Bg6 65.Ke3 Bh5 66.Nd3 Bd1 
67.Nf2 Bf3 68.Nd3 Bb7 69.Nf2 Ba6 70.Kf4 Be2 71.Kg5 Kg3 1/2-1/2

[Event "94th GER-ch"]
[Site "Ostfildern GER"]
[Date "2023.08.16"]
[Round "4.13"]
[White "Tschernatsch, Johannes"]
[Black "Wachinger, Nikolas"]
[Result "1/2-1/2"]
[WhiteElo "2319"]
[BlackElo "2446"]
[EventDate "2023.08.13"]
[PlyCount "86"]

1.e4 e6 2.d4 d5 3.Nd2 Be7 4.Ngf3 Nf6 5.e5 Nfd7 6.Bd3 c5 7.c3 Nc6 8.O-O a5 
9.a4 O-O 10.Re1 f6 11.exf6 Nxf6 12.Nf1 cxd4 13.cxd4 Qb6 14.Ng3 Ng4 15.Be3 
e5 16.dxe5 Nxe3 17.Rxe3 Bc5 18.Bxh7+ Kh8 19.Rb3 Nb4 20.Ng5 Bxf2+ 21.Kh1 
Qh6 22.Qc1 Bg4 23.e6 Bxe6 24.Nxe6 Qxe6 25.Bf5 Qh6 26.Qxh6+ gxh6 27.Rf1 Bd4
28.Ne2 Be5 29.Nf4 Ra6 30.g4 Bxf4 31.Rxf4 Re6 32.Kg2 Re2+ 33.Rf2 Rfe8 34.
Rf3 Kg7 35.Rxe2 Rxe2+ 36.Rf2 Re3 37.Rf3 Re1 38.h4 d4 39.Kf2 Rh1 40.Kg2 
Rxh4 41.Rf1 Nd5 42.Kg3 Ne3 43.Re1 Nxf5+ 1/2-1/2

[Event "94th GER-ch"]
[Site "Ostfildern GER"]
[Date "2023.08.16"]
[Round "4.14"]
[White "Arndt, Magnus"]
[Black "Herrmann, Jakob"]
[Result "1-0"]
[WhiteElo "2405"]
[BlackElo "2068"]
[EventDate "2023.08.13"]
[PlyCount "91"]

1.Nf3 Nf6 2.b3 g6 3.Bb2 Bg7 4.g3 O-O 5.Bg2 d5 6.c4 c6 7.O-O Nbd7 8.d4 b6 
9.Nbd2 Bb7 10.Re1 Re8 11.e3 Rc8 12.Rc1 h6 13.Qc2 e6 14.Qb1 Qe7 15.Qa1 Red8
16.a3 Ne4 17.b4 f5 18.c5 g5 19.Nxe4 fxe4 20.Nd2 g4 21.a4 a6 22.cxb6 Qxb4 
23.a5 Rf8 24.Bc3 Qe7 25.Nb3 e5 26.Qb2 exd4 27.exd4 Qg5 28.Qd2 Qh5 29.Bb4 
Rf3 30.Re3 Bf6 31.h4 Qf5 32.Nc5 Nxc5 33.Bxc5 Kh7 34.Qe1 Rg8 35.Rd1 Qh5 36.
Bb4 Rg6 37.Qe2 Bd8 38.Qc2 Qf5 39.Be1 Be7 40.Kh2 Qh5 41.Kg1 Qf5 42.Rb1 Bd6 
43.Rbb3 Qf8 44.Bxf3 gxf3 45.Rxf3 exf3 46.h5 1-0

[Event "94th GER-ch"]
[Site "Ostfildern GER"]
[Date "2023.08.16"]
[Round "4.15"]
[White "Malek, Daniel"]
[Black "Ronge, Tim"]
[Result "0-1"]
[WhiteElo "2321"]
[BlackElo "2273"]
[EventDate "2023.08.13"]
[PlyCount "78"]

1.c4 e6 2.Nc3 Bb4 3.Qb3 c5 4.a3 Ba5 5.Ne4 Nf6 6.Nxc5 Nc6 7.Nf3 O-O 8.e3 
Qe7 9.Na4 e5 10.Be2 e4 11.Nd4 Qe5 12.Qb5 Qc7 13.b4 a6 14.Qg5 Nxd4 15.exd4 
Bb6 16.Nxb6 Qxb6 17.d5 h6 18.Qe3 Qd8 19.Bb2 b5 20.cxb5 axb5 21.Bxb5 Bb7 
22.d6 Ne8 23.Be5 f6 24.Bg3 f5 25.Be5 f4 26.Qd4 Rc8 27.g3 e3 28.O-O exd2 
29.Bxf4 Rf5 30.a4 Nf6 31.Bxd2 Qe8 32.Rac1 Rxc1 33.Rxc1 Qh5 34.Rc7 Rxb5 35.
Qc4+ Bd5 36.Rc8+ Kh7 37.Qxb5 Qd1+ 38.Qf1 Qf3 39.Qb1+ g6 0-1

[Event "94th GER-ch"]
[Site "Ostfildern GER"]
[Date "2023.08.16"]
[Round "4.16"]
[White "Gramb, Marius"]
[Black "Kocharin, Timur"]
[Result "1-0"]
[WhiteElo "2219"]
[BlackElo "2179"]
[EventDate "2023.08.13"]
[PlyCount "67"]

1.e4 c5 2.c3 d5 3.exd5 Qxd5 4.d4 Nf6 5.Nf3 Nc6 6.dxc5 Qxc5 7.Be3 Qd5 8.Qb3
Qxb3 9.axb3 Nd5 10.Bb5 Nxe3 11.fxe3 Bd7 12.b4 e6 13.Kf2 Be7 14.Rd1 f6 15.
Nbd2 a6 16.Ne4 O-O-O 17.Ba4 Kc7 18.Nc5 Bc8 19.Bxc6 Bxc5 20.bxc5 Kxc6 21.b4
e5 22.h3 Be6 23.Nd2 Bd5 24.Rac1 Kc7 25.c4 Be6 26.Ke2 Bf5 27.Nf3 Be6 28.Rc3
Rxd1 29.Kxd1 Kc6 30.Nd2 a5 31.bxa5 Kxc5 32.Rb3 Bc8 33.Rb6 Re8 34.Ne4+ 1-0

[Event "94th GER-ch"]
[Site "Ostfildern GER"]
[Date "2023.08.16"]
[Round "4.17"]
[White "Bosselmann, Tom Linus"]
[Black "Krassowizkij, Jaroslaw"]
[Result "0-1"]
[WhiteElo "2106"]
[BlackElo "2445"]
[EventDate "2023.08.13"]
[PlyCount "68"]

1.e4 c6 2.Nc3 d5 3.Nf3 Nf6 4.e5 Ne4 5.Ne2 Qb6 6.d4 e6 7.Ng3 c5 8.Bd3 Nxg3 
9.fxg3 h6 10.O-O Bd7 11.Nh4 Nc6 12.Qh5 O-O-O 13.Qxf7 c4 14.Ng6 Qxd4+ 15.
Kh1 Nxe5 16.Nxe5 Qxe5 17.Bf4 Qf6 18.Bg6 Bc5 19.Qxf6 gxf6 20.Rae1 Be8 21.
Bxe8 Rdxe8 22.Bd2 f5 23.Bf4 Kd7 24.Be5 Rhg8 25.b3 b5 26.Rb1 Kc6 27.Rf3 h5 
28.b4 Bb6 29.a4 bxa4 30.b5+ Kc5 31.Ra3 Rg4 32.c3 Re4 33.Bd4+ Rxd4 34.cxd4+
Kxd4 0-1

[Event "94th GER-ch"]
[Site "Ostfildern GER"]
[Date "2023.08.16"]
[Round "4.18"]
[White "Feidt, Jonas"]
[Black "Buescher, Andre"]
[Result "1/2-1/2"]
[WhiteElo "1974"]
[BlackElo "2055"]
[EventDate "2023.08.13"]
[PlyCount "82"]

1.c4 g6 2.g3 Bg7 3.Bg2 Nf6 4.Nf3 c6 5.O-O O-O 6.d4 d6 7.b3 Nbd7 8.Bb2 Re8 
9.Nc3 e5 10.dxe5 dxe5 11.Qc2 Qa5 12.e3 Nc5 13.e4 Bg4 14.a3 Ne6 15.b4 Qc7 
16.Ne2 Nh5 17.Rad1 Rad8 18.Rxd8 Rxd8 19.Rd1 a5 20.Rxd8+ Qxd8 21.Nxe5 Bxe2 
22.Qxe2 Nd4 23.Bxd4 Qxd4 24.Nf3 Qa1+ 25.Bf1 Qxa3 26.bxa5 Qxa5 27.Qd3 Bf6 
28.Qd7 Qa3 29.Kg2 Qe7 30.Qd3 Ng7 31.Nd2 Qd8 32.f4 Qxd3 33.Bxd3 Bc3 34.Nb3 
Ne6 35.Kf3 Nd4+ 36.Nxd4 Bxd4 37.e5 Kf8 38.Ke4 Bf2 39.g4 h5 40.gxh5 gxh5 
41.f5 Bg1 1/2-1/2

[Event "94th GER-ch"]
[Site "Ostfildern GER"]
[Date "2023.08.17"]
[Round "5.1"]
[White "Hacker, Jonas"]
[Black "Kunin, Vitaly"]
[Result "1/2-1/2"]
[WhiteElo "2406"]
[BlackElo "2532"]
[EventDate "2023.08.13"]
[PlyCount "128"]

1.e4 c5 2.Nf3 a6 3.c3 e6 4.d4 d5 5.e5 Bd7 6.Bd3 Nc6 7.O-O cxd4 8.cxd4 Qb6 
9.Bc2 Nb4 10.Nc3 Nxc2 11.Qxc2 Ne7 12.Rd1 Rc8 13.h4 h5 14.Bg5 Nf5 15.Rac1 
Rc4 16.Qd2 Bb4 17.a3 Bxc3 18.bxc3 Ba4 19.Rb1 Qc7 20.Rdc1 Kd7 21.Rb4 Rc8 
22.Rxc4 Qxc4 23.Qb2 Qb5 24.Qa1 Rc7 25.Nd2 Kc8 26.Nf1 Kb8 27.Ne3 Nxe3 28.
Bxe3 Qb3 29.Bg5 Bb5 30.Bd8 Rd7 31.Rb1 Qc2 32.Bb6 f6 33.Re1 Rf7 34.f3 Qd2 
35.Qc1 Qxc1 36.Rxc1 fxe5 37.dxe5 Rf4 38.Bd4 Kc7 39.Rb1 Bd3 40.Rb4 Bc4 41.
Bb6+ Kc8 42.a4 Rf5 43.Bd4 b5 44.a5 Kd7 45.Kf2 Ke8 46.Rb1 Kf7 47.Ke3 g5 48.
Rh1 Kg6 49.hxg5 Rxg5 50.Kf2 Rf5 51.Rh3 Kf7 52.Rh4 Ke8 53.Ke3 Kf7 54.Rf4 
Rxf4 55.Kxf4 Kg6 56.Bf2 Bf1 57.g4 Be2 58.Bh4 hxg4 59.fxg4 Kf7 60.Bf2 Bd1 
61.Bc5 Ke8 62.Bb4 Be2 63.g5 Bh5 64.Ke3 Kd7 1/2-1/2

[Event "94th GER-ch"]
[Site "Ostfildern GER"]
[Date "2023.08.17"]
[Round "5.2"]
[White "Fridman, Daniel"]
[Black "Colbow, Collin"]
[Result "1-0"]
[WhiteElo "2586"]
[BlackElo "2409"]
[EventDate "2023.08.13"]
[PlyCount "83"]

1.c4 e6 2.Nc3 Nf6 3.e4 c5 4.e5 Ng8 5.Nf3 Nc6 6.d4 cxd4 7.Nxd4 Nxe5 8.Ndb5 
a6 9.Nd6+ Bxd6 10.Qxd6 f6 11.Be3 Ne7 12.Bb6 Nf5 13.Qb4 Nc6 14.Qc5 d6 15.
Bxd8 dxc5 16.Bb6 Ne5 17.Bxc5 g5 18.Be2 h5 19.Ne4 Kf7 20.O-O Bd7 21.b4 h4 
22.Nd6+ Nxd6 23.Bxd6 Ng6 24.Bf3 Bc6 25.Bxc6 bxc6 26.Rfd1 Rhd8 27.a4 Ke8 
28.Rab1 Ne7 29.Bc5 Rxd1+ 30.Rxd1 Nc8 31.g3 hxg3 32.hxg3 Rb8 33.Kg2 Nb6 34.
Rh1 Kf7 35.a5 Nxc4 36.Rh7+ Kg6 37.Ra7 Ne5 38.Bd6 Rb5 39.Rxa6 Kf5 40.Rb6 
Rd5 41.Bxe5 Kxe5 42.Rxc6 1-0

[Event "94th GER-ch"]
[Site "Ostfildern GER"]
[Date "2023.08.17"]
[Round "5.3"]
[White "Dauner, Benedikt"]
[Black "Deuer, Marius"]
[Result "0-1"]
[WhiteElo "2377"]
[BlackElo "2440"]
[EventDate "2023.08.13"]
[PlyCount "84"]

1.d4 Nf6 2.Nf3 d5 3.Bf4 c5 4.e3 Nc6 5.Nbd2 cxd4 6.exd4 Bf5 7.Bb5 e6 8.Ne5 
Qb6 9.c4 dxc4 10.a4 Qxd4 11.Nxc6 Qxf4 12.Ne5+ Ke7 13.Ndxc4 Qe4+ 14.Kf1 Nd5
15.Qb3 Rd8 16.Re1 Qc2 17.Qa3+ Kf6 18.Qg3 Bb4 19.h4 g6 20.Ra1 a6 21.Bd7 Ke7
22.Qg5+ Nf6 23.Rc1 Qe4 24.f3 Qd4 25.g4 h6 26.Qe3 Qxe3 27.Nxe3 Bd2 28.Nxf5+
gxf5 29.Rc7 Nxd7 30.Rxb7 Ke8 31.Nc4 Bf4 32.gxf5 Nc5 33.Ra7 Bb8 34.Ra8 Rg8 
35.fxe6 Nxe6 36.Ne3 Ke7 37.Nf5+ Kf6 38.Nxh6 Rg3 39.Ng4+ Kg7 40.Rxb8 Rxb8 
41.Kf2 Rxg4 42.fxg4 Rxb2+ 0-1

[Event "94th GER-ch"]
[Site "Ostfildern GER"]
[Date "2023.08.17"]
[Round "5.4"]
[White "Koelle, Tobias"]
[Black "Gloeckler, Christian"]
[Result "1/2-1/2"]
[WhiteElo "2438"]
[BlackElo "2318"]
[EventDate "2023.08.13"]
[PlyCount "67"]

1.d4 d5 2.c4 dxc4 3.Nf3 c6 4.e3 b5 5.a4 Bb7 6.b3 a5 7.bxc4 b4 8.Bd3 g6 9.
O-O Bg7 10.Ra2 Nd7 11.Nbd2 c5 12.d5 e5 13.dxe6 fxe6 14.Be4 Qb6 15.Ng5 
O-O-O 16.Nf7 Nh6 17.Bxb7+ Kxb7 18.Nxh8 Bxh8 19.Nb3 Kc7 20.Rd2 Nf5 21.Qc2 
Bc3 22.Rd3 Nd6 23.Bb2 Bxb2 24.Qxb2 Nxc4 25.Qg7 Ne5 26.Rdd1 c4 27.Nd4 Kc8 
28.Qe7 Nc5 29.Nb5 Ncd3 30.Nd4 Rd7 31.Qe8+ Rd8 32.Qe7 Rd7 33.Qe8+ Rd8 34.
Qe7 1/2-1/2

[Event "94th GER-ch"]
[Site "Ostfildern GER"]
[Date "2023.08.17"]
[Round "5.6"]
[White "Schulz, Lukas"]
[Black "Meister, Jakob"]
[Result "0-1"]
[WhiteElo "2347"]
[BlackElo "2439"]
[EventDate "2023.08.13"]
[PlyCount "84"]

1.e4 e5 2.f4 exf4 3.Nf3 Nf6 4.Nc3 d5 5.exd5 Nxd5 6.Nxd5 Qxd5 7.d4 Bd6 8.c4
Qe6+ 9.Be2 Qf6 10.c5 Be7 11.Qd2 Nc6 12.Qxf4 Qxf4 13.Bxf4 Nb4 14.Bxc7 Nc2+ 
15.Kd2 Nxa1 16.Rxa1 O-O 17.Bc4 Be6 18.Bxe6 fxe6 19.Re1 Rac8 20.Bg3 Rfd8 
21.b4 Bf6 22.Kd3 Kf7 23.Bd6 Rc6 24.Ne5+ Bxe5 25.dxe5 Ra6 26.Re2 b5 27.Kc3 
Ke8 28.Rf2 Kd7 29.Rf7+ Kc6 30.Rc7+ Kd5 31.Kb3 Ra4 32.Rb7 a5 33.bxa5 Rxa5 
34.Rxg7 Rda8 35.Rxh7 Rxa2 36.g4 Rg2 37.h3 Ra4 38.c6 Rg3+ 39.Kc2 Rf4 40.Kd2
Rf2+ 41.Ke1 Ra2 42.Kf1 Rb3 0-1

[Event "94th GER-ch"]
[Site "Ostfildern GER"]
[Date "2023.08.17"]
[Round "5.7"]
[White "Wong, Gengchun"]
[Black "Poetsch, Hagen"]
[Result "0-1"]
[WhiteElo "2257"]
[BlackElo "2484"]
[EventDate "2023.08.13"]
[PlyCount "72"]

1.e4 c5 2.Nf3 d6 3.d4 cxd4 4.Nxd4 Nf6 5.Nc3 Nc6 6.Bg5 Bd7 7.Nb3 e6 8.Qd2 
a6 9.O-O-O b5 10.f3 h6 11.Be3 Ne5 12.Bd3 b4 13.Ne2 a5 14.f4 Nxd3+ 15.cxd3 
Be7 16.Kb1 e5 17.Ng3 a4 18.Nc1 b3 19.a3 Rc8 20.Nce2 Rc2 21.Qe1 Ng4 22.Bc1 
Qc8 23.h3 Ne3 24.Nc3 Nxd1 25.Qxd1 Rxg2 26.Qf3 Rc2 27.f5 Rxc3 28.bxc3 Qxc3 
29.Bb2 Qc2+ 30.Ka1 Bg5 31.h4 Bd2 32.Rh2 O-O 33.Nf1 Bc3 34.Rxc2 bxc2 35.Ka2
Rb8 36.Bc1 Rb1 0-1

[Event "94th GER-ch"]
[Site "Ostfildern GER"]
[Date "2023.08.17"]
[Round "5.8"]
[White "Kocharin, Timur"]
[Black "Eichstaedt, Mirko"]
[Result "1/2-1/2"]
[WhiteElo "2179"]
[BlackElo "2237"]
[EventDate "2023.08.13"]
[PlyCount "80"]

1.c4 c6 2.e4 d5 3.exd5 cxd5 4.cxd5 Nf6 5.Qa4+ Nbd7 6.Nc3 g6 7.Bc4 Bg7 8.
Nf3 O-O 9.d3 a6 10.Qa3 Nb6 11.Qb3 Nxc4 12.dxc4 b5 13.cxb5 axb5 14.O-O b4 
15.Qxb4 Nxd5 16.Nxd5 Qxd5 17.Bg5 Rxa2 18.Rxa2 Qxa2 19.Bxe7 Re8 20.b3 Be6 
21.Nd4 Bxd4 22.Qxd4 Qxb3 23.Bf6 Qd5 24.Qe3 Qf5 25.Bb2 f6 26.Qd4 Kg7 27.Ra1
Bf7 28.h3 Re4 29.Qd2 Qf4 30.Qd3 Ra4 31.Rd1 Rc4 32.Qd6 g5 33.Qd3 Rc5 34.Re1
Rd5 35.Qf1 Qd2 36.Bc1 Qd3 37.Be3 h6 38.Qxd3 Rxd3 39.Re2 Rd1+ 40.Kh2 Kg6 
1/2-1/2

[Event "94th GER-ch"]
[Site "Ostfildern GER"]
[Date "2023.08.17"]
[Round "5.9"]
[White "Ronge, Tim"]
[Black "Weishaeutel, Moritz"]
[Result "1-0"]
[WhiteElo "2273"]
[BlackElo "2427"]
[EventDate "2023.08.13"]
[PlyCount "115"]

1.c4 e6 2.g3 d5 3.Bg2 c5 4.Nf3 Nc6 5.O-O d4 6.e3 Nf6 7.exd4 cxd4 8.d3 h6 
9.Bf4 Nd7 10.Na3 Bc5 11.Nc2 O-O 12.a3 e5 13.Bd2 Bd6 14.Bb4 Nf6 15.Bxd6 
Qxd6 16.Re1 Bg4 17.h3 Bh5 18.b4 Rfe8 19.b5 Na5 20.Nb4 Rad8 21.g4 Bg6 22.
Qa4 b6 23.Nd2 h5 24.g5 Nd7 25.Qc2 Nc5 26.Rad1 Bf5 27.h4 Qg6 28.Ne4 Bxe4 
29.Bxe4 Nxe4 30.Rxe4 f6 31.f3 Rd6 32.Kh1 Qf5 33.Qg2 fxg5 34.hxg5 Rg6 35.f4
Ree6 36.Rf1 Nb3 37.Nc6 Nc5 38.Rxe5 Rxe5 39.Nxe5 Rd6 40.Qf3 Ne6 41.Nc6 Rd7 
42.Ne5 Rd8 43.Nc6 Rd7 44.Rf2 Rf7 45.g6 Rd7 46.Re2 Nf8 47.Ne7+ Rxe7 48.Rxe7
Nxg6 49.Re4 Qc5 50.f5 Nf8 51.f6 g6 52.Re8 Qxa3 53.Qd5+ Kh8 54.Qxd4 Qc1+ 
55.Qg1 Qa3 56.Qxg6 Qa1+ 57.Kg2 Qb2+ 58.Kh3 1-0

[Event "94th GER-ch"]
[Site "Ostfildern GER"]
[Date "2023.08.17"]
[Round "5.10"]
[White "Wichmann, Cliff"]
[Black "Arndt, Magnus"]
[Result "0-1"]
[WhiteElo "2310"]
[BlackElo "2405"]
[EventDate "2023.08.13"]
[PlyCount "78"]

1.d4 Nf6 2.c4 e6 3.Nf3 Bb4+ 4.Bd2 c5 5.Bxb4 cxb4 6.a3 bxa3 7.Rxa3 Nc6 8.
Nc3 O-O 9.e3 b6 10.Be2 Bb7 11.O-O Nb4 12.Nb5 Qb8 13.Qb3 a5 14.Rfa1 Rc8 15.
Nc3 d6 16.Na2 Nxa2 17.Qxa2 h6 18.h3 Qc7 19.Qb1 d5 20.b3 Ne4 21.Qe1 Qe7 22.
Bd3 Nf6 23.c5 bxc5 24.dxc5 Qxc5 25.Rxa5 Rxa5 26.Rxa5 Qc3 27.Qxc3 Rxc3 28.
Rb5 Rxd3 29.Rxb7 Rd1+ 30.Kh2 Ne4 31.Ne5 Nxf2 32.g4 Rd2 33.Rb8+ Kh7 34.Nxf7
Nxg4+ 35.Kh1 Nxe3 36.Re8 Rf2 37.Rxe6 Nc2 38.Re7 d4 39.Nd6 d3 0-1

[Event "94th GER-ch"]
[Site "Ostfildern GER"]
[Date "2023.08.17"]
[Round "5.11"]
[White "Ehmann, Thilo"]
[Black "Tschernatsch, Johannes"]
[Result "0-1"]
[WhiteElo "2402"]
[BlackElo "2319"]
[EventDate "2023.08.13"]
[PlyCount "72"]

1.e4 c5 2.Nf3 d6 3.d4 cxd4 4.Nxd4 Nf6 5.Nc3 a6 6.f3 e5 7.Nb3 Be6 8.Be3 Be7
9.Qd2 h5 10.Nd5 Nxd5 11.exd5 Bf5 12.Be2 Bh4+ 13.g3 Be7 14.c4 a5 15.Rc1 Nd7
16.O-O O-O 17.f4 Bh3 18.Rfe1 a4 19.Na1 exf4 20.Bxf4 Qb6+ 21.Kh1 Bf6 22.
Bxh5 Bxb2 23.Rb1 a3 24.Nc2 Bf5 25.Rbd1 Rae8 26.Bf3 Nf6 27.Qg2 Ng4 28.Rf1 
Qc5 29.h3 Ne5 30.Ne3 Bd3 31.Rxd3 Nxd3 32.Nf5 Ne5 33.Be4 Nxc4 34.Qf3 g6 35.
Bh6 Ne5 36.Qf4 gxf5 0-1

[Event "94th GER-ch"]
[Site "Ostfildern GER"]
[Date "2023.08.17"]
[Round "5.12"]
[White "Dahl, Christoph"]
[Black "Weber, Samuel"]
[Result "1-0"]
[WhiteElo "2336"]
[BlackElo "2276"]
[EventDate "2023.08.13"]
[PlyCount "97"]

1.e4 e6 2.d4 d5 3.Nc3 Nf6 4.e5 Nfd7 5.f4 c5 6.Nf3 Nc6 7.Be3 Qb6 8.Na4 Qa5+
9.c3 b6 10.Bd2 c4 11.b4 Nxb4 12.cxb4 Bxb4 13.Qc2 Bxd2+ 14.Nxd2 b5 15.Nc3 
O-O 16.Rb1 b4 17.Qa4 Qxa4 18.Nxa4 a5 19.a3 Rb8 20.Be2 Nb6 21.Nxb6 Rxb6 22.
O-O Bd7 23.axb4 axb4 24.Ra1 Rfb8 25.Ra7 Be8 26.Kf2 Rc6 27.Rc1 f6 28.exf6 
gxf6 29.f5 e5 30.Ke3 e4 31.Bd1 Rcb6 32.Rca1 Rc8 33.Re7 c3 34.Nb3 c2 35.
Bxc2 Kf8 36.Rxh7 Rc3+ 37.Kf4 Rxc2 38.Ra8 Rxg2 39.Nc5 Rf2+ 40.Ke3 Rf3+ 41.
Ke2 Ra3 42.Rh8+ Kg7 43.Raxe8 Ra2+ 44.Ke3 Ra3+ 45.Kf4 Rf3+ 46.Kg4 b3 47.
Ne6+ Rxe6 48.fxe6 b2 49.Reg8# 1-0

[Event "94th GER-ch"]
[Site "Ostfildern GER"]
[Date "2023.08.17"]
[Round "5.13"]
[White "Miller, Eduard"]
[Black "Gramb, Marius"]
[Result "1-0"]
[WhiteElo "2324"]
[BlackElo "2219"]
[EventDate "2023.08.13"]
[PlyCount "101"]

1.d4 Nf6 2.Bf4 e6 3.e3 d5 4.Nf3 c5 5.c3 Nc6 6.Nbd2 cxd4 7.exd4 Nh5 8.Be3 
Bd6 9.Ne5 g6 10.Bb5 Bd7 11.Nxd7 Qxd7 12.Nf3 f6 13.Qd2 Ng7 14.h4 Nf5 15.
O-O-O O-O-O 16.Kb1 Kb8 17.Rhe1 Bc7 18.Bf4 Rhe8 19.g4 Nd6 20.Bxd6 Bxd6 21.
Re2 Qf7 22.Rde1 Re7 23.a3 Na5 24.Qc2 a6 25.Qa4 Bc7 26.Bd3 b5 27.Qc2 Nc4 
28.a4 Rd6 29.Ka2 Rb6 30.g5 b4 31.b3 Bd6 32.cxb4 Bxb4 33.Rc1 Nd6 34.gxf6 
Qxf6 35.Ne5 Ka8 36.a5 Bxa5 37.Qc5 Nb7 38.Qc8+ Ka7 39.Rec2 Qf4 40.Nc6+ Rxc6
41.Qxc6 Rc7 42.Qxa6+ Kb8 43.Qxe6 Qxd4 44.Qe8+ Ka7 45.Rxc7 Bxc7 46.Rxc7 
Qxd3 47.Qe3+ Qxe3 48.fxe3 Kb8 49.Rd7 Kc8 50.Rxd5 Kc7 51.e4 1-0

[Event "94th GER-ch"]
[Site "Ostfildern GER"]
[Date "2023.08.17"]
[Round "5.14"]
[White "Wachinger, Nikolas"]
[Black "Graf, Alexander"]
[Result "1-0"]
[WhiteElo "2446"]
[BlackElo "2543"]
[EventDate "2023.08.13"]
[PlyCount "67"]

1.e4 g6 2.d4 Bg7 3.Nc3 d6 4.Nf3 Nf6 5.h3 O-O 6.Be3 c6 7.a4 Nbd7 8.a5 Rb8 
9.Bc4 e6 10.O-O Qc7 11.Qd3 b5 12.axb6 axb6 13.d5 exd5 14.exd5 b5 15.Ba2 
Nc5 16.Bxc5 dxc5 17.d6 Qb6 18.Ne5 c4 19.Qg3 Be6 20.Rad1 b4 21.Ne2 Qa6 22.
Ra1 Nh5 23.Qe3 Qb5 24.f4 c5 25.g4 Nf6 26.f5 gxf5 27.gxf5 Bd5 28.Rad1 Rbe8 
29.Nf4 Ba8 30.Rfe1 b3 31.cxb3 Nd7 32.Nh5 Bxe5 33.Qg5+ Kh8 34.Rxe5 1-0